Youngest World Leaders - Statistics

General Stats
  • This quiz has been taken 11 times
  • The average score is 3 of 10
Answer Stats
Age Country % Correct
34 North Korea
70%
39 France
60%
38 Ireland
40%
37 Bhutan
30%
41 Belgium
20%
39 Ukraine
20%
39 Estonia
10%
37 Qatar
10%
29 San Marino
10%
38 Yemen
10%
No matching quizzes found
Score Distribution
Percent of People with Each Score
Percentile by Number Answered
Your Score History
You have not taken this quiz